000 00729nam a2200205 a 4500
001 ASIN0700224297
005 20150427093754.0
008 150427s1973 xxu eng d
020 _a0700224297 (hardcover)
020 _a9780700224296 (hardcover)
100 1 _aWang, Chu-Kia.
245 1 0 _aComputer methods in advanced structural analysis /
_cChu-Kia Wang.
250 _a1St Edition.
260 _a[S.l.] :
_bIntext Educational Publishers,
_c1973.
300 _a401 p. ;
_c24 cm.
490 1 _aThe intext series in civil engineering.
520 _aBook by Wang, Chu-Kia.
830 4 _aThe intext series in civil engineering.
856 4 0 _3Amazon.com
_uhttp://www.amazon.com/exec/obidos/ASIN/0700224297/chopaconline-20
999 _c13342
_d13342